| 000 | 00420nam a2200145Ia 4500 | ||
|---|---|---|---|
| 008 | 211109s9999||||xx |||||||||||||| ||und|| | ||
| 082 |
_a332.109 _bRES-R |
||
| 100 | _aReserve Bank Of India, | ||
| 245 | 0 | _aReserve Bank Of India Functions And Working | |
| 260 |
_bReserve Bank of India _aBombay _c1958 |
||
| 300 | _a168p | ||
| 630 | _xGeneral Stack | ||
| 650 |
_aFINANCIAL ECOOMICS _vEconomics _xEconomics |
||
| 942 | _cBOOK | ||
| 999 |
_c21019 _d21019 |
||